[Event "4NCL Division 3 North"]
[Site "Wakefield, ENG"]
[Date "2017.03.19"]
[Round "8.86"]
[White "Potter, Steven"]
[Black "Pollard, Matthew B"]
[Result "1/2-1/2"]
[WhiteElo "1922"]
[BlackElo "1727"]
[PlyCount "63"]
[EventDate "2017.03.19"]
[WhiteTeam "Manchester Manticores 3"]
[BlackTeam "Manchester Manticores 4"]

1. d4 Nf6 2. Bg5 c6 3. Bxf6 gxf6 4. e3 d5 5. Nf3 Bg4 6. Be2 Nd7 7. h3 Bh5 8.
Nbd2 Qb6 9. Qc1 Bg7 10. c4 e5 11. c5 Qc7 12. g4 Bg6 13. Qc3 h5 14. O-O-O hxg4
15. hxg4 Rxh1 16. Rxh1 O-O-O 17. Qa3 Kb8 18. Nb3 Rh8 19. Rxh8+ Bxh8 20. Nh4 e4
21. Nxg6 fxg6 22. Qb4 Ka8 23. Qe1 Qh2 24. Na5 f5 25. Qb4 Qc7 26. gxf5 gxf5 27.
Qe1 Bf6 28. b4 Qh2 29. b5 Nb8 30. bxc6 Nxc6 31. Nxc6 bxc6 32. Qf1 1/2-1/2

[Event "4NCL Division 3 North"]
[Site "Wakefield, ENG"]
[Date "2017.03.19"]
[Round "8.91"]
[White "O'Gorman, Tom"]
[Black "Denisov, Seny D"]
[Result "1-0"]
[WhiteElo "2223"]
[BlackElo "1855"]
[PlyCount "49"]
[EventDate "2017.03.19"]
[WhiteTeam "Enniscorthy"]
[BlackTeam "3Cs 3"]

1. e4 c5 2. Nf3 g6 3. d4 cxd4 4. Nxd4 Bg7 5. Nc3 Nc6 6. Be3 Nf6 7. Bc4 O-O 8.
Bb3 Ng4 9. Qxg4 Nxd4 10. O-O-O Nxb3+ 11. axb3 d6 12. Qg3 Be6 13. h4 Bxc3 14.
bxc3 Qc7 15. Rd3 a5 16. h5 a4 17. Qh4 axb3 18. Kd2 bxc2 19. Bd4 Ra2 20. hxg6 h5
21. g7 c1=Q+ 22. Kxc1 Bg4 23. Qxg4 Qa5 24. gxf8=Q+ Kxf8 25. Qc8+ 1-0

[Event "4NCL Division 3 North"]
[Site "Wakefield, ENG"]
[Date "2017.03.19"]
[Round "8.92"]
[White "Manton, Jacob"]
[Black "O'Neill, Paul Sean"]
[Result "0-1"]
[WhiteElo "1900"]
[BlackElo "1912"]
[PlyCount "50"]
[EventDate "2017.03.19"]
[WhiteTeam "3Cs 3"]
[BlackTeam "Enniscorthy"]

1. d4 Nf6 2. c4 g6 3. Nc3 d5 4. Nf3 Bg7 5. e3 O-O 6. cxd5 Nxd5 7. Bc4 Nxc3 8.
bxc3 c5 9. O-O Qa5 10. Qb3 Nc6 11. Ba3 b6 12. Bb5 Bb7 13. Rac1 a6 14. Be2 cxd4
15. cxd4 Rfe8 16. Rfd1 b5 17. Bc5 e6 18. a4 Qxa4 19. Qxa4 bxa4 20. Rb1 Na5 21.
Rb4 Bc6 22. Bb6 Nb3 23. Ne5 Bxe5 24. dxe5 Reb8 25. Bc4 a5 0-1

[Event "4NCL Division 3 North"]
[Site "Wakefield, ENG"]
[Date "2017.03.19"]
[Round "8.93"]
[White "Plaza Reino, Agustin"]
[Black "Denisov, Denis"]
[Result "1-0"]
[WhiteElo "1839"]
[BlackElo "1757"]
[PlyCount "75"]
[EventDate "2017.03.19"]
[WhiteTeam "Enniscorthy"]
[BlackTeam "3Cs 3"]

1. e4 c5 2. Nf3 g6 3. d4 cxd4 4. Nxd4 Nc6 5. Nb3 Bg7 6. Bc4 Nf6 7. Nc3 O-O 8.
O-O a6 9. a4 Qc7 10. Re1 d6 11. Bf1 Ne5 12. Nd5 Nxd5 13. exd5 Re8 14. c3 Bg4
15. Qd2 Rac8 16. h3 Bd7 17. Re4 Bf5 18. Rb4 a5 19. Rd4 Bxh3 20. f4 Nf3+ 21.
gxf3 Bxf1 22. Kxf1 Bxd4 23. Nxd4 Qc4+ 24. Kg2 Qxd5 25. Qf2 e5 26. Ne2 Qd1 27.
f5 e4 28. Nd4 e3 29. Bxe3 Qxa1 30. f6 Rxe3 31. Qxe3 Qxb2+ 32. Kg3 Kf8 33. Qe7+
Kg8 34. Qe3 Kf8 35. Ne6+ fxe6 36. Qh6+ Ke8 37. Qg7 Kd8 38. Qe7# 1-0

[Event "4NCL Division 3 North"]
[Site "Wakefield, ENG"]
[Date "2017.03.19"]
[Round "8.94"]
[White "Abbas, Ahmed C"]
[Black "Scott, Luke"]
[Result "1-0"]
[WhiteElo "1622"]
[BlackElo "1774"]
[PlyCount "67"]
[EventDate "2017.03.19"]
[WhiteTeam "3Cs 3"]
[BlackTeam "Enniscorthy"]

1. e4 e6 2. d3 d5 3. Nd2 Nc6 4. g3 Nf6 5. Bg2 Bc5 6. Ngf3 dxe4 7. dxe4 e5 8.
O-O O-O 9. Qe2 Qe7 10. Nb3 Bb6 11. Bg5 a5 12. a4 Be6 13. Be3 Nd7 14. Ng5 Bxb3
15. cxb3 f6 16. Bxb6 Nxb6 17. Nf3 Rfd8 18. Rfd1 Qb4 19. Rd3 Rxd3 20. Qxd3 Rd8
21. Qc2 Qd6 22. Bf1 Nb4 23. Qc3 g6 24. Be2 Qe7 25. Rd1 Rxd1+ 26. Bxd1 c6 27.
Be2 Nd7 28. Nd2 b6 29. Nc4 Qc5 30. Qd2 Qd4 31. Qxd4 exd4 32. Bg4 Nc5 33. Nxb6
Nxb3 34. Be6+ 1-0

[Event "4NCL Division 3 North"]
[Site "Wakefield, ENG"]
[Date "2017.04.29"]
[Round "9.11"]
[White "Macklin, Paul"]
[Black "Flores, Marcial"]
[Result "1-0"]
[WhiteElo "2372"]
[BlackElo "2065"]
[PlyCount "71"]
[EventDate "2017.04.29"]
[WhiteTeam "Manchester Manticores 1"]
[BlackTeam "Manchester Manticores 2"]

1. e4 Nc6 2. Nf3 e6 3. d4 d5 4. Nbd2 dxe4 5. Nxe4 Be7 6. Bd3 Nb4 7. Be2 Nf6 8.
Nxf6+ Bxf6 9. c3 Nd5 10. O-O O-O 11. Bd3 b6 12. Qe2 Bb7 13. Qe4 g6 14. Bh6 Bg7
15. Bxg7 Kxg7 16. c4 Nb4 17. Qxb7 Nxd3 18. Qe4 Nb4 19. a3 Na6 20. b4 c5 21. b5
Nc7 22. dxc5 Qe7 23. c6 Rad8 24. a4 Qc5 25. a5 bxa5 26. Qe5+ Qxe5 27. Nxe5 Rd4
28. Rxa5 Ra8 29. Rc1 Kf6 30. Nd7+ Ke7 31. Kf1 f6 32. c5 Rb4 33. b6 axb6 34.
Rxa8 Nxa8 35. cxb6 Rxb6 36. c7 1-0

[Event "4NCL Division 3 North"]
[Site "Wakefield, ENG"]
[Date "2017.04.29"]
[Round "9.12"]
[White "Hamer, Martyn"]
[Black "Polaczek, Richard"]
[Result "0-1"]
[WhiteElo "2050"]
[BlackElo "2411"]
[PlyCount "74"]
[EventDate "2017.04.29"]
[WhiteTeam "Manchester Manticores 2"]
[BlackTeam "Manchester Manticores 1"]

1. Nf3 Nf6 2. c4 e6 3. g3 d5 4. d4 Bb4+ 5. Bd2 a5 6. Bg2 dxc4 7. Qc2 Ra6 8. O-O
b5 9. a4 c6 10. Rd1 Bxd2 11. Rxd2 Nd5 12. Na3 Rb6 13. e4 Nb4 14. Qd1 O-O 15.
Ne5 f6 16. Ng4 Nd3 17. d5 exd5 18. exd5 cxd5 19. Nxb5 Nc6 20. Ne3 Be6 21. b3
Ncb4 22. Nd4 Bf7 23. Nef5 Kh8 24. h4 g6 25. Ne3 f5 26. h5 Qf6 27. Nb5 Re8 28.
hxg6 hxg6 29. bxc4 dxc4 30. Ra3 Kg7 31. Nc3 Rbe6 32. Qf3 Qg5 33. Bf1 Rxe3 34.
fxe3 Rxe3 35. Qb7 Rxg3+ 36. Rg2 Qe3+ 37. Kh1 Nf2+ 0-1

[Event "4NCL Division 3 North"]
[Site "Wakefield, ENG"]
[Date "2017.04.29"]
[Round "9.14"]
[White "Timson, Paul F"]
[Black "Jayawarna, Nugith"]
[Result "1/2-1/2"]
[WhiteElo "2065"]
[BlackElo "2155"]
[PlyCount "68"]
[EventDate "2017.04.29"]
[WhiteTeam "Manchester Manticores 2"]
[BlackTeam "Manchester Manticores 1"]

1. d4 Nf6 2. c4 g6 3. Nc3 Bg7 4. e4 d6 5. Be2 O-O 6. Bg5 Na6 7. f4 c6 8. Nf3
Nc7 9. e5 Nh5 10. Qd2 Ne6 11. g4 f6 12. gxh5 fxg5 13. hxg6 hxg6 14. fxg5 Nf4
15. O-O-O Nxe2+ 16. Qxe2 Bg4 17. Rdf1 dxe5 18. dxe5 Rf4 19. Qe3 Rxf3 20. Rxf3
Bxf3 21. Qxf3 Bxe5 22. Qe4 Bxc3 23. bxc3 Qd6 24. Rd1 Qa3+ 25. Kb1 Qxc3 26.
Qxg6+ Qg7 27. Qxg7+ Kxg7 28. Rd7 Rh8 29. Rxe7+ Kg6 30. Rxb7 Rxh2 31. Rxa7 Rh4
32. Rc7 Rxc4 33. a4 Rxa4 34. Rxc6+ Kxg5 1/2-1/2

[Event "4NCL Division 3 North"]
[Site "Wakefield, ENG"]
[Date "2017.04.29"]
[Round "9.15"]
[White "Mazek, Marek"]
[Black "Mulleady, Peter J"]
[Result "1/2-1/2"]
[WhiteElo "2110"]
[BlackElo "2080"]
[PlyCount "92"]
[EventDate "2017.04.29"]
[WhiteTeam "Manchester Manticores 1"]
[BlackTeam "Manchester Manticores 2"]

1. e4 Nf6 2. e5 Nd5 3. c4 Nb6 4. d4 d6 5. exd6 exd6 6. b3 Be7 7. Nc3 Nc6 8. Be3
Bf5 9. Rc1 O-O 10. Nf3 a5 11. Be2 Bg4 12. O-O Bxf3 13. Bxf3 Bg5 14. Qd2 Bxe3
15. fxe3 a4 16. Nd5 axb3 17. axb3 Nxd5 18. Bxd5 Qe7 19. b4 Rae8 20. Rce1 Nd8
21. b5 Kh8 22. g3 Qg5 23. Qf2 Re7 24. Bg2 Re6 25. Qf4 Qe7 26. e4 Rf6 27. Qd2
Rxf1+ 28. Rxf1 Ne6 29. Qf2 c5 30. bxc6 bxc6 31. e5 dxe5 32. dxe5 c5 33. Bd5 Nd4
34. Ra1 h6 35. Re1 Ne6 36. Kg2 Rb8 37. Qf5 Qg5 38. Qxg5 Nxg5 39. Re2 Kg8 40. h4
Ne6 41. Ra2 Kf8 42. Ra7 Rb2+ 43. Kh3 Re2 44. Ra8+ Ke7 45. Ra7+ Kf8 46. Ra8+ Ke7
1/2-1/2

[Event "4NCL Division 3 North"]
[Site "Wakefield, ENG"]
[Date "2017.04.29"]
[Round "9.16"]
[White "Trueman, Glenn"]
[Black "Peacock, Malcolm R"]
[Result "0-1"]
[WhiteElo "1982"]
[BlackElo "2125"]
[PlyCount "74"]
[EventDate "2017.04.29"]
[WhiteTeam "Manchester Manticores 2"]
[BlackTeam "Manchester Manticores 1"]

1. d4 c5 2. d5 e5 3. e4 d6 4. Nc3 Be7 5. Nf3 Nf6 6. Bb5+ Nbd7 7. a4 O-O 8. O-O
a6 9. Be2 Ne8 10. a5 g6 11. Bh6 Ng7 12. Qd2 Nf6 13. h3 Kh8 14. Rfe1 Ng8 15.
Bxg7+ Kxg7 16. Na4 f5 17. exf5 gxf5 18. Nb6 Rb8 19. Nh2 Nf6 20. c3 Kh8 21. b4
Rg8 22. Nxc8 Rxc8 23. Bd3 Qd7 24. Bc2 cxb4 25. cxb4 Rc4 26. Ba4 Qc8 27. Rac1
Ne4 28. Qb2 Bh4 29. g3 Bxg3 30. fxg3 Rxg3+ 31. Kf1 Qg8 32. Rxc4 Rg1+ 33. Ke2
Rg2+ 34. Kd1 Rxb2 35. Nf3 Nf2+ 36. Kc1 Nd3+ 37. Kd1 Nxe1 0-1

[Event "4NCL Division 3 North"]
[Site "Wakefield, ENG"]
[Date "2017.04.29"]
[Round "9.21"]
[White "Lupulescu, Constantin"]
[Black "Walker, Andrew N"]
[Result "1-0"]
[WhiteElo "2616"]
[BlackElo "2066"]
[PlyCount "51"]
[EventDate "2017.04.29"]
[WhiteTeam "Manx Liberty"]
[BlackTeam "Ashfield Breadsall 1"]

1. d4 f5 2. Nf3 Nf6 3. g3 e6 4. Bg2 Be7 5. O-O O-O 6. c4 d6 7. b3 Ne4 8. Bb2
Bf6 9. Nfd2 Nxd2 10. Qxd2 Nd7 11. e4 fxe4 12. Nc3 e5 13. Nxe4 exd4 14. Nxf6+
Qxf6 15. Bxd4 Qg6 16. Rae1 Nf6 17. Re7 c6 18. Rfe1 Rf7 19. Bc3 Bf5 20. Qxd6
Rxe7 21. Rxe7 Re8 22. Rxb7 Be4 23. Bxf6 gxf6 24. Bxe4 Rxe4 25. Rb8+ Re8 26.
Qe6+ 1-0

[Event "4NCL Division 3 North"]
[Site "Wakefield, ENG"]
[Date "2017.04.29"]
[Round "9.22"]
[White "Garnett, John S"]
[Black "Galyas, Miklos"]
[Result "0-1"]
[WhiteElo "1973"]
[BlackElo "2491"]
[PlyCount "84"]
[EventDate "2017.04.29"]
[WhiteTeam "Ashfield Breadsall 1"]
[BlackTeam "Manx Liberty"]

1. d4 d6 2. Nf3 g6 3. c4 f5 4. Nc3 Nf6 5. g3 Bg7 6. Bg2 O-O 7. O-O Nc6 8. d5
Ne5 9. Nxe5 dxe5 10. e4 f4 11. gxf4 exf4 12. f3 e5 13. dxe6 Bxe6 14. Nd5 c6 15.
Nxf6+ Qxf6 16. Qc2 Qd4+ 17. Kh1 Qxc4 18. Qxc4 Bxc4 19. Rd1 g5 20. Bf1 Bxf1 21.
Rxf1 Rad8 22. Rb1 Rd3 23. b3 Rfd8 24. Ba3 h6 25. Bb4 b6 26. Kg2 c5 27. Be1 Rd1
28. Bf2 R1d2 29. a4 Ra2 30. Kg1 Rdd2 31. Rbd1 Kf7 32. h4 gxh4 33. Rxd2 Rxd2 34.
Bxh4 Bd4+ 35. Kh1 Rd3 36. a5 Rxb3 37. axb6 axb6 38. Bd8 Ke6 39. Bc7 Be5 40. Bd8
c4 41. Rg1 c3 42. Rc1 b5 0-1

[Event "4NCL Division 3 North"]
[Site "Wakefield, ENG"]
[Date "2017.04.29"]
[Round "9.23"]
[White "Kolbus, Dietmar"]
[Black "Truman, Richard G"]
[Result "1-0"]
[WhiteElo "2308"]
[BlackElo "1941"]
[PlyCount "55"]
[EventDate "2017.04.29"]
[WhiteTeam "Manx Liberty"]
[BlackTeam "Ashfield Breadsall 1"]

1. c4 Nf6 2. Nc3 e5 3. Nf3 Nc6 4. e3 Be7 5. d4 exd4 6. Nxd4 O-O 7. Be2 Re8 8.
O-O Bf8 9. b3 a5 10. Bb2 Nb4 11. Bf3 Na6 12. Qc2 d6 13. Rad1 Nc5 14. h3 h5 15.
Rfe1 c6 16. Rd2 Qb6 17. Ba3 Re5 18. Bxc5 Qxc5 19. Red1 Qb6 20. Be2 Bd7 21. Nf3
Ree8 22. Bd3 Rad8 23. Bf5 Qc7 24. Ng5 Bxf5 25. Qxf5 d5 26. cxd5 Re5 27. d6 Bxd6
28. Qxe5 1-0

[Event "4NCL Division 3 North"]
[Site "Wakefield, ENG"]
[Date "2017.04.29"]
[Round "9.24"]
[White "Jarvis, Derek A"]
[Black "Ottosen, David"]
[Result "1/2-1/2"]
[WhiteElo "1942"]
[BlackElo "2079"]
[PlyCount "55"]
[EventDate "2017.04.29"]
[WhiteTeam "Ashfield Breadsall 1"]
[BlackTeam "Manx Liberty"]

1. e4 c5 2. Nf3 a6 3. c3 g6 4. d4 cxd4 5. cxd4 Bg7 6. Nc3 b5 7. Be3 Bb7 8. Bd3
Nf6 9. e5 Nd5 10. Nxd5 Bxd5 11. O-O Nc6 12. Qd2 Qa5 13. Qxa5 Nxa5 14. Nd2 O-O
15. b3 Nc6 16. Be4 Bxe4 17. Nxe4 d6 18. Rac1 Nb4 19. a3 Nd5 20. exd6 f5 21.
dxe7 Rfe8 22. Nc3 Nxe7 23. Rfd1 Rad8 24. g3 Rd7 25. h4 Red8 26. Ne2 Kf7 27. Rc5
Nd5 28. Nf4 1/2-1/2

[Event "4NCL Division 3 North"]
[Site "Wakefield, ENG"]
[Date "2017.04.29"]
[Round "9.25"]
[White "Fabri, Henrik"]
[Black "Combie, Alex B"]
[Result "0-1"]
[WhiteElo "1941"]
[BlackElo "1963"]
[PlyCount "62"]
[EventDate "2017.04.29"]
[WhiteTeam "Manx Liberty"]
[BlackTeam "Ashfield Breadsall 1"]

1. d4 Nf6 2. Nf3 g6 3. g3 Bg7 4. Bg2 O-O 5. O-O d6 6. c4 Nc6 7. Nc3 a6 8. e4
Bg4 9. h3 Bxf3 10. Bxf3 Nd7 11. Be3 e5 12. d5 Nd4 13. Bg2 c5 14. dxc6 bxc6 15.
Ne2 c5 16. Qd2 Nb8 17. f4 Nxe2+ 18. Qxe2 exf4 19. e5 fxe3 20. Bxa8 Bxe5 21. Kg2
Qg5 22. Rf3 Bd4 23. Bd5 Nd7 24. Raf1 Ne5 25. Rf6 Nxc4 26. Bxf7+ Kg7 27. h4 Qe5
28. Re6 Qd5+ 29. Kh2 Rxf7 30. Re8 Rxf1 31. Qxf1 Qf7 0-1

[Event "4NCL Division 3 North"]
[Site "Wakefield, ENG"]
[Date "2017.04.29"]
[Round "9.26"]
[White "Levens, David G"]
[Black "Costello, John"]
[Result "1-0"]
[WhiteElo "1954"]
[BlackElo "1698"]
[PlyCount "63"]
[EventDate "2017.04.29"]
[WhiteTeam "Ashfield Breadsall 1"]
[BlackTeam "Manx Liberty"]

1. e4 d5 2. exd5 Qxd5 3. Nc3 Qd8 4. d4 Nf6 5. Bc4 a6 6. Nf3 b5 7. Bb3 c5 8.
dxc5 Qxd1+ 9. Nxd1 e6 10. Be3 Nfd7 11. O-O Nxc5 12. Nc3 Bb7 13. Rfd1 Nxb3 14.
axb3 Nd7 15. Ng5 h6 16. Nxf7 Rg8 17. Nd6+ Bxd6 18. Rxd6 Ke7 19. Rad1 Rgd8 20.
b4 Rac8 21. f3 Nf6 22. Bc5 Rxd6 23. Rxd6 Kf7 24. Kf2 Rc7 25. Ke3 Nd7 26. Kd4
Nf6 27. Ne4 Nd7 28. Nf2 Nf6 29. Nd3 Nd7 30. Ne5+ Nxe5 31. Kxe5 Bc8 32. c3 1-0

[Event "4NCL Division 3 North"]
[Site "Wakefield, ENG"]
[Date "2017.04.29"]
[Round "9.31"]
[White "Ackley, Peter J E"]
[Black "Richardson, Alex"]
[Result "1/2-1/2"]
[WhiteElo "2002"]
[BlackElo "2143"]
[Annotator "Barnes,Lara"]
[PlyCount "21"]
[EventDate "2017.04.29"]
[WhiteTeam "Spirit of Atticus B"]
[BlackTeam "Cheddleton 2"]

1. g3 d5 2. Bg2 Nf6 3. c4 e6 4. Nf3 Be7 5. O-O O-O 6. b3 a5 7. Nc3 d4 8. Nb5
Nc6 9. Bb2 e5 10. e3 Bc5 11. exd4 1/2-1/2

[Event "4NCL Division 3 North"]
[Site "Wakefield, ENG"]
[Date "2017.04.29"]
[Round "9.32"]
[White "Edwards, Simon R"]
[Black "Johnson, Michael D"]
[Result "1/2-1/2"]
[WhiteElo "2087"]
[BlackElo "1979"]
[Annotator "Barnes,Lara"]
[PlyCount "43"]
[EventDate "2017.04.29"]
[WhiteTeam "Cheddleton 2"]
[BlackTeam "Spirit of Atticus B"]

1. e4 e6 2. d4 d5 3. Nc3 Bb4 4. e5 c5 5. a3 Bxc3+ 6. bxc3 Qa5 7. Bd2 Qa4 8. Qg4
g6 9. Nf3 Nc6 10. Be2 c4 11. Ra2 Bd7 12. Qh4 h6 13. O-O Nd8 14. Bg5 Qa5 15. Rb1
Bc6 16. Rb4 Qc7 17. Rab2 b5 18. Rb1 Kd7 19. Bf6 Nxf6 20. exf6 Kc8 21. Ne5 a6
22. Qf4 1/2-1/2

[Event "4NCL Division 3 North"]
[Site "Wakefield, ENG"]
[Date "2017.04.29"]
[Round "9.33"]
[White "McDonagh, Michael"]
[Black "Boswell, Jacob Connor"]
[Result "1-0"]
[WhiteElo "1901"]
[BlackElo "1952"]
[PlyCount "65"]
[EventDate "2017.04.29"]
[WhiteTeam "Spirit of Atticus B"]
[BlackTeam "Cheddleton 2"]

1. Nf3 e6 2. c4 f5 3. g3 Nf6 4. Bg2 Be7 5. O-O O-O 6. Nc3 d6 7. d4 Ne4 8. Nxe4
fxe4 9. Nd2 d5 10. cxd5 exd5 11. Qb3 Kh8 12. f3 exf3 13. Nxf3 c5 14. Bf4 c4 15.
Qd1 Nc6 16. b3 c3 17. Qd3 Qa5 18. Ng5 Bf5 19. e4 dxe4 20. Nxe4 Ba3 21. d5 Rad8
22. Rad1 Bb2 23. Qc4 Nb4 24. Bc7 b6 25. Bxd8 c2 26. Be7 cxd1=Q 27. Rxd1 Rc8 28.
Qxb4 Qa6 29. Qd2 Bxe4 30. Bxe4 Bc3 31. Qd3 Qxa2 32. d6 Bb4 33. d7 1-0

[Event "4NCL Division 3 North"]
[Site "Wakefield, ENG"]
[Date "2017.04.29"]
[Round "9.34"]
[White "Russell, Harry"]
[Black "Buckley, Colm"]
[Result "1-0"]
[WhiteElo "2009"]
[BlackElo "1936"]
[PlyCount "71"]
[EventDate "2017.04.29"]
[WhiteTeam "Cheddleton 2"]
[BlackTeam "Spirit of Atticus B"]

1. Nf3 d5 2. g3 Nf6 3. Bg2 e6 4. O-O Be7 5. c4 O-O 6. d4 dxc4 7. Qa4 Bd7 8.
Qxc4 Bc6 9. Nc3 Nbd7 10. Re1 Bxf3 11. Bxf3 c6 12. e4 Nb6 13. Qd3 e5 14. Be3
exd4 15. Qxd4 Qxd4 16. Bxd4 Rfd8 17. Rad1 Kf8 18. Be2 Bb4 19. f3 Nfd7 20. a3
Bc5 21. b4 Bxd4+ 22. Rxd4 Nf6 23. Red1 Ke7 24. Kf2 Rxd4 25. Rxd4 Rc8 26. Rd1 a6
27. a4 c5 28. b5 axb5 29. Bxb5 Ra8 30. Ke3 h6 31. e5 Ne8 32. Nd5+ Nxd5+ 33.
Rxd5 b6 34. Rd7+ Ke6 35. Rb7 Kd5 36. Re7 1-0

[Event "4NCL Division 3 North"]
[Site "Wakefield, ENG"]
[Date "2017.04.29"]
[Round "9.35"]
[White "Cooper, John G"]
[Black "Davison, Colin F S"]
[Result "1/2-1/2"]
[WhiteElo "1953"]
[BlackElo "1932"]
[Annotator "Barnes,Lara"]
[PlyCount "60"]
[EventDate "2017.04.29"]
[WhiteTeam "Spirit of Atticus B"]
[BlackTeam "Cheddleton 2"]

1. e4 g6 2. d4 Bg7 3. Nc3 d6 4. Be3 a6 5. a4 Nd7 6. Qd2 Ngf6 7. Bh6 Bxh6 8.
Qxh6 e5 9. Nf3 exd4 10. Nxd4 Qe7 11. O-O-O Ne5 12. h3 Bd7 13. f4 Nc6 14. Nxc6
Bxc6 15. e5 dxe5 16. fxe5 Nd7 17. Bc4 O-O-O 18. Qe3 Qxe5 19. Rhe1 Qxe3+ 20.
Rxe3 Nb6 21. Bxf7 Rxd1+ 22. Kxd1 Nxa4 23. Be6+ Kd8 24. Nxa4 Bxa4 25. Bd5 Kc8
26. b3 Rd8 27. Rd3 Bd7 28. g4 b5 29. b4 c6 30. Bf3 Be8 1/2-1/2

[Event "4NCL Division 3 North"]
[Site "Wakefield, ENG"]
[Date "2017.04.29"]
[Round "9.36"]
[White "Armstrong, William G"]
[Black "Lloyd, Stephen M"]
[Result "1-0"]
[WhiteElo "1843"]
[BlackElo "1787"]
[PlyCount "61"]
[EventDate "2017.04.29"]
[WhiteTeam "Cheddleton 2"]
[BlackTeam "Spirit of Atticus B"]

1. Nf3 c5 2. g3 g6 3. Bg2 Bg7 4. O-O Nc6 5. c4 e5 6. Nc3 Nge7 7. Rb1 O-O 8. a3
d6 9. d3 a5 10. Ne1 Be6 11. Bg5 f6 12. Bd2 Qd7 13. Nd5 Bxd5 14. cxd5 Nd8 15. e4
Nf7 16. Qc1 Rfc8 17. h4 b5 18. Kh2 Qa7 19. Bh3 Rc7 20. Be6 Kf8 21. Be3 Nd8 22.
Bh3 Qb7 23. b3 a4 24. f4 Kg8 25. fxe5 fxe5 26. Bh6 b4 27. Bxg7 Kxg7 28. Qg5 Ng8
29. bxa4 Rxa4 30. Qxd8 Qb6 31. Be6 1-0

[Event "4NCL Division 3 North"]
[Site "Wakefield, ENG"]
[Date "2017.04.29"]
[Round "9.41"]
[White "Lyth, John D"]
[Black "Cooper, Gavyn"]
[Result "1/2-1/2"]
[WhiteElo "1900"]
[BlackElo "2207"]
[PlyCount "123"]
[EventDate "2017.04.29"]
[WhiteTeam "Manchester Manticores 4"]
[BlackTeam "Jorvik"]

1. d4 Nf6 2. Nf3 g6 3. g3 Bg7 4. Bg2 O-O 5. O-O d6 6. c4 c6 7. Nc3 Bf5 8. Re1
Ne4 9. Qb3 Qb6 10. Be3 Qxb3 11. axb3 Nxc3 12. bxc3 Be4 13. Bh3 Bxf3 14. exf3 e6
15. Bf4 d5 16. c5 Nd7 17. Ra2 Rfc8 18. Rea1 a6 19. Kf1 Nf6 20. Be5 Ne8 21. Bf4
Bf6 22. Ke2 Rd8 23. Kd3 Kg7 24. Re1 Rd7 25. Rea1 Bd8 26. Be5+ Kg8 27. Bf4 h5
28. Bg2 g5 29. Bd2 Kg7 30. h3 Kg6 31. f4 g4 32. h4 Bc7 33. Re1 Ng7 34. Bc1 Re7
35. Rae2 Nf5 36. Bd2 Bd8 37. Ra1 f6 38. Rae1 Kf7 39. Bc1 Bc7 40. Bd2 Rae8 41.
Bh1 e5 42. fxe5 fxe5 43. dxe5 Rxe5 44. Rxe5 Rxe5 45. Rxe5 Bxe5 46. Be1 Ke6 47.
Bg2 Bc7 48. Bh1 b6 49. cxb6 Bxb6 50. c4 Nd4 51. cxd5+ cxd5 52. b4 Nf3 53. Ke2
Nxe1 54. Kxe1 Bc7 55. Kd2 Ke5 56. Bg2 Bd6 57. Kc3 Be7 58. f3 d4+ 59. Kc4 d3 60.
Kxd3 Bxb4 61. fxg4 hxg4 62. Bb7 1/2-1/2

[Event "4NCL Division 3 North"]
[Site "Wakefield, ENG"]
[Date "2017.04.29"]
[Round "9.42"]
[White "Carpenter, Martin"]
[Black "Lonsdale, Jon I"]
[Result "1-0"]
[WhiteElo "2103"]
[BlackElo "1817"]
[PlyCount "75"]
[EventDate "2017.04.29"]
[WhiteTeam "Jorvik"]
[BlackTeam "Manchester Manticores 4"]

1. e4 c5 2. Nf3 Nc6 3. d4 cxd4 4. Nxd4 e5 5. Nb5 d6 6. N1c3 a6 7. Na3 b5 8. Nd5
Nge7 9. Bg5 f6 10. Be3 Nxd5 11. Qxd5 Qd7 12. c4 Bb7 13. Qd2 b4 14. Nc2 Be7 15.
Bd3 O-O 16. O-O Qc7 17. f3 Rfc8 18. Qf2 Qd7 19. Rad1 Qe6 20. b3 Kh8 21. c5 Qd7
22. Be2 Qc7 23. cxd6 Bxd6 24. Bb6 Qe7 25. Rd2 Nd8 26. Rfd1 Rc6 27. Be3 Ne6 28.
Bc4 Nc7 29. Kh1 h6 30. Nxb4 Bxb4 31. Rd7 Qf8 32. Rf7 Qe8 33. Qg3 Bf8 34. Bxh6
Rxc4 35. Bxg7+ Kg8 36. Rxf8+ Qxf8 37. Bxf8+ Kxf8 38. bxc4 1-0

[Event "4NCL Division 3 North"]
[Site "Wakefield, ENG"]
[Date "2017.04.29"]
[Round "9.43"]
[White "Taylor, Mark"]
[Black "White, Mark W"]
[Result "0-1"]
[WhiteElo "1847"]
[BlackElo "2028"]
[PlyCount "78"]
[EventDate "2017.04.29"]
[WhiteTeam "Manchester Manticores 4"]
[BlackTeam "Jorvik"]

1. e4 c5 2. Nf3 Nc6 3. d4 cxd4 4. Nxd4 Nf6 5. Nc3 e5 6. Ndb5 d6 7. Na3 Be7 8.
Nc4 O-O 9. Ne3 Be6 10. g3 Qd7 11. Bg2 Rfd8 12. O-O Bh3 13. Ncd5 Bxg2 14. Nxf6+
Bxf6 15. Kxg2 Ne7 16. c4 Qc6 17. Qf3 b5 18. cxb5 Qxb5 19. Ng4 Qc4 20. Re1 Qe6
21. b3 d5 22. exd5 Qxd5 23. Re4 Rac8 24. Bb2 Ng6 25. Rae1 Re8 26. Ne3 Qd2 27.
Re2 Qa5 28. a4 Rb8 29. Nc2 Qd5 30. b4 Qa2 31. Na3 Qd5 32. Nb5 Qc6 33. Qb3 a6
34. Nc3 Be7 35. f3 Red8 36. b5 Qc5 37. Rc4 Qd6 38. Bc1 Qe6 39. Nd1 Rxd1 0-1

[Event "4NCL Division 3 North"]
[Site "Wakefield, ENG"]
[Date "2017.04.29"]
[Round "9.44"]
[White "Cowan, Richard M"]
[Black "Rahulan, Thivyaa"]
[Result "1-0"]
[WhiteElo "1892"]
[BlackElo "1735"]
[PlyCount "69"]
[EventDate "2017.04.29"]
[WhiteTeam "Jorvik"]
[BlackTeam "Manchester Manticores 4"]

1. Nf3 f5 2. d3 Nf6 3. Nc3 d6 4. e4 e5 5. exf5 Bxf5 6. Nh4 Be6 7. Bg5 Be7 8. d4
O-O 9. dxe5 dxe5 10. Qxd8 Rxd8 11. Bd3 Nc6 12. O-O Bc5 13. Ne4 Be7 14. a3 h6
15. Nxf6+ Bxf6 16. Bxf6 gxf6 17. Nf5 Bxf5 18. Bxf5 Nd4 19. Bd3 f5 20. c3 e4 21.
Bc4+ Kg7 22. cxd4 Rxd4 23. b3 Rad8 24. Rfe1 R8d6 25. g3 c6 26. a4 b6 27. Ra2 c5
28. Rae2 Rd8 29. Kg2 a5 30. f3 Re8 31. fxe4 fxe4 32. Rf1 Rd6 33. Rf7+ Kg6 34.
Rf4 e3 35. Bf7+ 1-0

[Event "4NCL Division 3 North"]
[Site "Wakefield, ENG"]
[Date "2017.04.29"]
[Round "9.45"]
[White "Pollard, Matthew B"]
[Black "Anderson, Paul W"]
[Result "0-1"]
[WhiteElo "1727"]
[BlackElo "1785"]
[PlyCount "84"]
[EventDate "2017.04.29"]
[WhiteTeam "Manchester Manticores 4"]
[BlackTeam "Jorvik"]

1. c4 e5 2. g3 Nf6 3. Bg2 Nc6 4. Nc3 d6 5. a3 Be6 6. d3 Qd7 7. b4 a6 8. Nd5 Be7
9. Nxe7 Qxe7 10. Bb2 O-O 11. Nf3 Nd7 12. O-O f5 13. Rc1 f4 14. d4 Bg4 15. b5
Nd8 16. h3 Bxf3 17. exf3 fxg3 18. fxg3 Qg5 19. dxe5 Qe3+ 20. Kh2 Nxe5 21. Re1
Nxf3+ 22. Bxf3 Qf2+ 23. Bg2 Qxb2 24. bxa6 Rxa6 25. Rc2 Qf6 26. Rf1 Qg6 27.
Rxf8+ Kxf8 28. Rf2+ Ke7 29. Qb3 c6 30. Re2+ Kd7 31. Be4 Qf6 32. Bxh7 Ra5 33.
Qc2 Rxa3 34. Rf2 Qe5 35. Bd3 Kc7 36. Re2 Qd4 37. Re7+ Kb6 38. Be2 Ra1 39. Qb3+
Ka7 40. Re3 Qd2 41. Kg2 c5 42. Kf3 Nc6 0-1

[Event "4NCL Division 3 North"]
[Site "Wakefield, ENG"]
[Date "2017.04.29"]
[Round "9.46"]
[White "Andrews, Norman G"]
[Black "Norris, Michael J"]
[Result "1-0"]
[WhiteElo "1562"]
[BlackElo "1690"]
[PlyCount "89"]
[EventDate "2017.04.29"]
[WhiteTeam "Jorvik"]
[BlackTeam "Manchester Manticores 4"]

1. e4 e5 2. Nf3 Nf6 3. Nxe5 d6 4. Nf3 Nxe4 5. Nc3 Nf6 6. d4 Be7 7. Bd3 Bg4 8.
O-O O-O 9. Re1 Nbd7 10. h3 Bh5 11. Ne4 d5 12. Ng3 Bg6 13. Nf5 Bxf5 14. Bxf5 h6
15. Ne5 Nb6 16. Re3 Qd6 17. Qd3 Ne4 18. Bxe4 dxe4 19. Rxe4 Bf6 20. Bf4 Bxe5 21.
Bxe5 Qc6 22. Rae1 Nc4 23. b3 Nxe5 24. Rxe5 Rfe8 25. c4 Rxe5 26. Rxe5 Rd8 27. d5
Qf6 28. Qe3 b6 29. b4 a5 30. bxa5 bxa5 31. g3 g5 32. Qe4 Kg7 33. Kg2 Rb8 34.
Rf5 Qd6 35. Qd4+ f6 36. c5 Qf8 37. d6 cxd6 38. cxd6 Rb4 39. Qd5 Qd8 40. Rf3 Rb8
41. Re3 Qf8 42. Re7+ Kg6 43. g4 f5 44. Qe6+ Qf6 45. gxf5+ 1-0